The rise and fall of the Yoruba race 3 how race mixing destroyed the Oyo empire/

Saved in:
Bibliographic Details
Main Author: OLUBUNMI, A.O
Format: Book
Language:English
Published: The 199 Publishing Palace 2012
Tags: Add Tag
No Tags, Be the first to tag this record!

MARC

LEADER 00000nam a22000007a 4500
008 211215b ||||| |||| 00| 0 eng d
020 |a  978-245-702-7 
100 |a OLUBUNMI, A.O. 
245 |a The rise and fall of the Yoruba race 3  |b  how race mixing destroyed the Oyo empire/  |c  A.O. Olubunmi.-   |g 136p. 
260 |b The 199 Publishing Palace  |c  2012  |h [London]:  |i 690979,  |i  690980  |l DT515.45 .Y67  |m Yoruba (African people) - Nigeria - History  |m Yoruba (African people) - History.  |m Title. 
500 |a “It includes references”. 
942 |a lcc  |c BK  |e Ifatola, J. O  |f 15/ 12/ 2021 
952 |0 0  |1 0  |2 lcc  |4 0  |6 DT051545 Y67  |7 0  |9 3961  |a HOL  |b HOL  |c AF  |d 2021-12-15  |l 0  |o DT515.45 .Y67  |p 2021-67684  |r 2021-12-15 00:00:00  |t 690979,   |w 2021-12-15  |y BK 
952 |0 0  |1 0  |2 ddc  |4 0  |6 DT_515_450000000000000__Y67  |7 0  |9 3962  |a HOL  |b HOL  |c AF  |d 2021-12-15  |l 0  |o DT515.45 .Y67  |p 2021-67685  |r 2021-12-15 00:00:00  |w 2021-12-15  |y BK 
999 |c 1988  |d 1988